Gaming Quiz

Random Gaming or Pokémon Quiz

All Pokemon Games Quiz Stats

 Plays Quiz not verified by Sporcle

Also try: What's Your Move?
Challenge
Share
Tweet
Embed
Score 0/142 Timer 20:00
0 Plays Today
Year Game % Correct
1998 Game BoyRed
100%
1998 Game BoyBlue
100%
1999 Game BoyYellow
100%
2000 Game Boy ColorSilver
100%
2016 MobilePokemon Go
100%
1996 Game BoyGreen
95%
2001 Game Boy ColorPokemon Crystal
95%
2003 Game Boy AdvancePokemon Sapphire
95%
2007 DSPokemon Diamond
95%
2007 DSPokemon Pearl
95%
2011 DSPokemon Black
95%
2011 DSPokemon White
95%
2012 DSPokemon White 2
95%
2013 3DSPokemon X
95%
2013 3DSPokemon Y
95%
2003 Game Boy AdvancePokemon Ruby
95%
1999 Game Boy ColorPinball
90%
2000 Nintendo 64Pokemon Stadium
90%
2000 Game Boy ColorGold
90%
2009 DSPokemon Platinum
90%
2001 Pokemon MiniPokemon Pinball Mini
90%
1999 Nintendo 64Pokemon Snap
85%
2005 Game Boy AdvancePokemon Emerald
85%
2006 Game Boy AdvancePokemon Mystery Dungeon: Red Rescue Team
85%
2006 DSPokemon Mystery Dungeon: Blue Rescue Team
85%
2004 Game Boy AdvancePokemon Leaf Green
80%
2004 Game Boy AdvancePokemon Fire Red
80%
2010 DSPokemon Heart Gold
80%
2010 DSPokemon Soul Silver
80%
2014 3DSPokemon Omega Ruby
80%
2014 3DSPokemon Alpha Sapphire
80%
2001 Nintendo 64Pokemon Stadium 2
75%
2016 3DSPokemon Sun
75%
2016 3DSPokemon Moon
75%
2004 Game CubePokemon Colosseum
70%
2006 DSPokemon Ranger
70%
2010 WiiPokePark Wii: Pikachu's Adventure
70%
2012 DSPokemon Black 2
70%
2000 Nintendo 64Hey You, Pikachu
65%
2008 DSPokemon Mystery Dungeon: Explorers of Time
65%
2008 DSPokemon Mystery Dungeon: Explorers of Darkness
65%
2009 WiiPokemon Rumble
65%
2012 WiiPokePark 2: Wonders Beyond
65%
2015 3DSPokemon Super Mystery Dungeon
65%
2000 Game Boy ColorPokemon Trading Card Game
60%
2008 DSPokemon Ranger: Shadows Of Almia
60%
2009 DSPokemon Mystery Dungeon Explorers of Sky
60%
2010 DSPokemon Ranger: Guardian Signs
60%
Year Game % Correct
2013 3DSPokemon Mystery Dungeon: Gates to Infinity
60%
2016 Wii UPokken Tournament
60%
2008 WiiMy Pokemon Ranch
60%
2000 Nintendo 64Pokemon Puzzle League
55%
2005 Game CubePokemon XD: Gale Of Darkness
55%
2007 WiiPokemon Battle Revolution
55%
2015 3DS/MobilePokemon Shuffle
55%
2003 Game CubePokemon Box
55%
2011 3DSPokedex 3D
55%
2012 3DSPokedex 3D Pro
55%
2012 iOSPokedex for iOS
55%
2003 Game Boy AdvancePokemon Pinball: Ruby and Sapphire
50%
2005 DSPokemon Dash
50%
2003 Game CubePokemon Channel
45%
2006 DSPokemon Trozei!
45%
2011 3DSPokemon Rumble Blast
45%
2012 DSPokemon Conquest
45%
2015 3DSPokemon Rumble World
45%
2000 Game Boy ColorPokemon Puzzle Challenge
40%
2013 Wii UPokemon Rumble U
40%
2014 3DSPokemon Art Academy
35%
2015 3DSPokemon Picross
35%
2012 3DSPokemon Dream Radar
35%
2013 3DSPokemon Bank
35%
2016 3DSGreat Detective Pikachu
30%
2014 3DSPokemon Battle Trozei
25%
1999 Games For WindowsPokemon Play It!
25%
2011 DSLearn With Pokemon: Typing Adventure
25%
1998 Pedometer Pokemon Pikachu
25%
2009 PedometerPokewalker
25%
2010 Games For WindowsPokemon Dream World
20%
2001 Game Boy ColorPokemon Card GB2: Here Comes Team GR!
20%
2004 Games For WindowsPokemon Masters Arena
20%
2005 Games For WindowsPokemon Team Turbo
20%
2016 MobilePokemon Comaster
20%
2001 Pokemon MiniPokemon Party Mini
20%
2001 Pokemon MiniPokemon Zany Cards
20%
2001 Pokemon MiniPokemon Puzzle Collection
20%
2007 ArcadePokemon Battrio
20%
2016 ArcadePokemon Ga-Ole
20%
1999 ArcadeDance! Pikachu
20%
2006 MobilePokemate
20%
2002 Pokemon MiniPokemon Tetris
15%
2013 3DSPoke Transporter
15%
2000 Games For WindowsPokemon Play It! Version 2
15%
2011 Games For WindowsPokemon Trading Card Game Online
15%
2011 DSPokemon Card Game: How to Play DS
15%
2009 Wii Pokemon Mystery Dungeon Keep Going! Blazing Adventure Squad!
15%
Year Game % Correct
2009 WiiPokemon Mystery Dungeon Let's Go! Stormy Adventure Squad
15%
2009 WiiPokemon Mystery Dungeon Go For It! Light Adventure Squad
15%
2000 Games For WindowsPokeRom
15%
2005 DSPokePark: Fishing Rally DS
15%
2006 Games For WindowsPokemon PC Master
15%
2011 iOSPokemon Say Tap?
15%
2002 Pokemon MiniPokemon Breeder Mini
15%
2002 Pokemon MiniPokemon Puzzle Collection Vol. 2
15%
2002 Pokemon MiniPokemon Race Mini
15%
2002 Pokemon MiniPichu Bros. Mini
15%
2002 Pokemon MiniTogepi's Great Adventure
15%
2012 ArcadePokemon Tretta
15%
2013 3DSPokemon Tretta Lab
15%
2002 PicoPokemon: Catch The Numbers!
15%
2003 PicoPokemon Advanced Generation: I've Begun Hiragana and Katakana!
15%
1999 PedometerPokemon Pikachu 2 GS
15%
1998Pokemon Pokeball
15%
Date UnknownCyclone 2
15%
Date UnknownCyber Pokeball
15%
Date UnknownCyber Pokedex
15%
2000 ArcadePikachu's Great Surfing Adventure
15%
2001 ArcadePokemon: Crayon Kids
15%
2014 ArcadePokémon: Battle Nine
15%
2004 Game Boy AdvanceGame Boy Advance Video
15%
2013 MobilePokémon TV
15%
2014 MobileCamp Pokemon
15%
2015 AndroidPokemon Style
15%
2016 MobilePokemon Photo Booth
15%
2004 PicoPokémon Advanced Generation: Pico for Everyone Pokémon Loud Battle!
10%
2005 Advanced Pico BeenPokémon Advanced Generation: Pokémon Number Battle!
10%
2007 Advanced Pico BeenIntellectual Training Drill Pokémon Diamond & Pearl: Letter and Number Intelligence Game
10%
2009 Advanced Pico BeenPokémon Diamond & Pearl: Search for Pokémon! Adventure in the Maze!
10%
2010 Advanced Pico BeenPokémon Best Wishes: Intelligence Training Pokémon Big Sports Meet!
10%
2006 Games For WindowsPokemon Team Rocket Blast Off
10%
2006 Games For WindowsPokemon Pokeball Launcher
10%
2006 Games For WindowsPokemon Seek & Find
10%
1999Pokémon Electronic Hand-Held Yahtzee
10%
Date UnknownDigital Poké Ball D & P
10%
2006 ArcadePokémon: Wobbuffet Fell Down!
10%
2010 ArcadePokémon Get Round and Round
10%
Date Unknown ArcadePokémon Tug of War Tournament: Absolutely Get Medal!
10%
2012 ArcadePokemon Medal World
10%
1998 SNESMonthly Coin Toss: Pokémon Card Magazine
10%
1999 Games For WindowsPokémon Project Studio Red and Blue
10%
2012 iOSPokémon Black 2 and White 2 Official Strategy Guide Book
10%
2004 DSPikachu: DS Tech Demo
10%

You're not logged in!

Compare scores with friends on all Sporcle quizzes.
Join for Free
OR
Log In

You Might Also Like...

Show Comments

Extras

Created Aug 7, 2016ReportFavoriteNominate
Tags:Pokémon Quiz

Top Quizzes Today


Score Distribution

Your Account Isn't Verified!

In order to create a playlist on Sporcle, you need to verify the email address you used during registration. Go to your Sporcle Settings to finish the process.

Report this User

Report this user for behavior that violates our Community Guidelines.

Details: